Statistiques concernant Culture Générale - Série 2402

Cliquez ici pour prendre le quiz!

Statistiques générales

  • Ce quiz a été pris 141 fois
  • Le résultat moyen est 4 sur 10

Statistiques - réponses

QuestionRéponse% Correct
Quel animal est le fletan ?poisson
86%
Ce mot désigne aussi une belle-fillebru
77%
Dans une de ses chansons Francis Cabrel a écrit "J'irai dormir chez la dame de ....Haute-Savoie
60%
Quel pays européen va fêter ses 30 ans d'indépendance le 24 août 2021 ?Ukraine
42%
Dans quel pays européen se trouve la ville d'Ede ?Pays Bas
33%
Quel est le prénom de l'animatrice et critique gastronomique, fille de Nicole Courcel? voir photoJulie
31%
Travailler pour rien, c'est travailler pour le roi de ...Prusse
29%
Quel pays d'Afrique de l'est est devenu indépendant en 1962 après avoir été sous domination allemande, puis belge ?Rwanda
22%
Sous quel nom connaissait-on mieux le brigand Louis Dominique Garthausen (1693-1721) ?Cartouche
15%
Obtenir un objet convoité, c'est décrocher le ...cocotier
2%

Distribution des résultats

Percentile par nombre de réponses

% des personnes avec chaque résultat

Votre développement - résultats

Vous n’avez pas pris ce quiz